00311nam a2200133Ia 4500008004100000100002100041245003300062250001200095260002700107300000800134650001300142942000700155999001500162190216s9999||||xx |||||||||||||| ||und|| aKenneth L Hughes 0aLearn Pagemaker 5.0 In A Day a1st Ed. bBpb Publicationsc1994 a127 aComputer cBK c8639d8639